Singapore in Years - Statistics

General Stats
  • This quiz has been taken 67 times
  • The average score is 15 of 21
Answer Stats
Year Hint Answer % Correct
1942 Singapore is invaded by this country during World War II Japan
100%
1965 Singapore gains _________ Independence
98%
1819 Singapore becomes a trading post of this European power United Kingdom
95%
1963 Singapore becomes the 14th State of this country Malaysia
93%
1967 This policy is instituted for all male citizens National Service
92%
2008 This racing event takes place in Singapore for the first time Singapore Grand Prix
88%
2003 This public health epidemic strikes Singapore SARS
85%
1967 Singapore co-founds this regional organisation Association of Southeast Asian Nations
82%
1987 Singapore's first MRT line begins operation North-South line
82%
2004 This man becomes Prime Minister Lee Hsien Loong
78%
2010 These two casinos are opened Resorts Worlds Sentosa | Marina Bay Sands Integrated Resorts
75%
1990 This man becomes Prime Minister Goh Chok Tong
72%
2010 Singapore hosts the inaugural edition of this international sporting event Youth Olympic Games
67%
1981 This important transport hub opens Changi Airport
63%
1965 This building is bombed as part of Indonesian Konfrontasi MacDonald House
57%
2015 This founding father passes away Lee Kuan Yew
53%
1988 Electoral divisions are organised this way for the first time Group Representative Constituencies
52%
1950 Riots take place in the wake of the custody trial of this Dutch girl Maria Hertogh
52%
2008 A nationwide manhunt is launched for this escaped criminal Mas Selamat Kastari
48%
1997 This regional economic event hurts Singapore and its neighbours Asian Financial Crisis
45%
2017 Singapore has its first female President after introducing this policy Reserved Presidency
17%
No matching quizzes found
Score Distribution
Percent of People with Each Score
Percentile by Number Answered
Your Score History
You have not taken this quiz